Rationing of new commercial motor vehicles : Trucks, truck-tractors, and trailers; Procedure for rationing and instructions to applicants, dealers, distributors, and sales agencies.

Bibliographic Details
Corporate Author: United States. Office of Defense Transportation
Format: Government Document eBook
Language:English
Published: [Washington] : [s.n.], 1945.
Subjects:
Online Access:Electronic resource (PDF)

MARC

Tag First Indicator Second Indicator Subfields
LEADER 00000cam a22000001i 4500
001 in00003963913
006 m d f
007 cr bn mmmapmmp
008 451025s1945 dcu o f000 0 eng d
005 20250211000434.2
035 |a ebd1943002855 
040 |a UMI  |c UMI  |e rda  |d UtOrBLW 
086 0 |a Pr 32.4906:M 85 
099 |a Pr32.4906..M85 
110 1 |a United States.  |b Office of Defense Transportation.  |0 http://id.loc.gov/authorities/names/n91044233 
245 1 0 |a Rationing of new commercial motor vehicles :  |b Trucks, truck-tractors, and trailers; Procedure for rationing and instructions to applicants, dealers, distributors, and sales agencies. 
264 1 |a [Washington] :  |b [s.n.],  |c 1945. 
300 |a 1 online resource (16 pages), digital, PDF file 
336 |a text  |b txt  |2 rdacontent 
337 |a computer  |b c  |2 rdamedia 
338 |a online resource  |b cr  |2 rdacarrier 
533 |a Electronic reproduction.  |b [Bethesda, Md.] :  |c ProQuest,  |d 2016  |e digital, PDF file.  |n ProQuest U.S. Executive Branch Documents  |n Mode of access: World Wide Web via ProQuest website. 
588 |a Record is based on online resource; title from PDF title page (ProQuest, last viewed Nov. 2016). Reuse except for individual research requires license from ProQuest, LLC. 
650 0 |a Rationing.  |0 http://id.loc.gov/authorities/subjects/sh85111523 
650 0 |a Trucking.  |0 http://id.loc.gov/authorities/subjects/sh85138145 
856 4 0 |u http://proxy.library.tamu.edu/login?url=http://congressional.proquest.com/congressional/docview/t66.d71.pr32.4906..m85?  |y Electronic resource (PDF)  |t 0 
999 f f |s ac0122e6-8617-321c-bf9b-121c018d77b0  |i 937567fd-31e0-33c1-a790-5d1fc30bc629  |t 0 
952 f f |a Texas A&M University  |b College Station  |c Electronic Resources  |d Available Online  |t 0  |h No information provided 
998 f f |t 0  |l Available Online